00809nam a2200205 a 450000100100000000500170001000800410002704000250006808200170009310000300011024500340014026000820017430000220025659000260027865100400030465100230034491000370036795201820040499900170058600003284020200930065850.0110727s1930 dr 000 0 spa d aDO-SdBNPbspacBNPHU a325.2bH594e1 aHeureaux, Casimira95863310aEsbozos /cCasimira Heureaux. aSan Pedro de Macoris, República Dominicana :bImprenta Cervantes,c[1930?]. a[12 p.] ;c20 cm. aInventariado, 2018/VM 4aEmigración E Inmigración949891 4aMigración958634 aValidado. Control de calidad MFF 001050718RVaPDbPDcHDd2011-07-27iLF1l0o325.2 H594ep32840-10r2020-06-25w2020-06-25y1zPerteneció a la biblioteca personal de Carlos Larrazabal BlancoZNo se presta c32331d32331